[Event "Extraliga 2018/2019"]
[Site "?"]
[Date "2018.11.04"]
[Round "2.1"]
[White "BSS1 Korobov Anton GM 2694"]
[Black "UNB2 Vavra Pavel IM 2350"]
[Result "1-0"]
[BlackElo "2350"]
[WhiteElo "2694"]
[LiveChessVersion "1.4.8"]

1. d4 {[%clk 1:30:55]} d5 {[%clk 1:30:35]} 2. c4 {[%clk 1:31:17]} c6
{[%clk 1:30:59]} 3. Nf3 {[%clk 1:31:40]} e6 {[%clk 1:31:24]} 4. e3
{[%clk 1:31:45]} Nf6 {[%clk 1:30:37]} 5. Nbd2 {[%clk 1:32:07]} Bd6
{[%clk 1:29:58]} 6. Bd3 {[%clk 1:32:17]} Nbd7 {[%clk 1:30:13]} 7. O-O
{[%clk 1:32:34]} O-O {[%clk 1:30:18]} 8. e4 {[%clk 1:32:58]} e5 {[%clk 1:29:07]}
9. cxd5 {[%clk 1:33:02]} cxd5 {[%clk 1:28:38]} 10. exd5 {[%clk 1:33:26]} exd4
{[%clk 1:27:46]} 11. Nc4 {[%clk 1:32:57]} Nb6 {[%clk 1:18:39]} 12. Bg5
{[%clk 1:06:42]} Nbxd5 {[%clk 1:01:17]} 13. Nxd6 {[%clk 1:03:50]} Qxd6
{[%clk 0:57:43]} 14. Nxd4 {[%clk 1:02:58]} Nf4 {[%clk 0:56:15]} 15. Bc4
{[%clk 0:53:18]} Bh3 {[%clk 0:51:00]} 16. Ne2 {[%clk 0:49:27]} Qxd1
{[%clk 0:44:45]} 17. Rfxd1 {[%clk 0:49:16]} Nxe2+ {[%clk 0:44:52]} 18. Bxe2
{[%clk 0:49:40]} Ne4 {[%clk 0:45:07]} 19. Be3 {[%clk 0:44:59]} Be6
{[%clk 0:44:20]} 20. Rd4 {[%clk 0:42:06]} f5 {[%clk 0:36:10]} 21. f3
{[%clk 0:40:45]} Nf6 {[%clk 0:36:20]} 22. Rd6 {[%clk 0:39:27]} Bf7
{[%clk 0:32:57]} 23. Bd3 {[%clk 0:38:42]} Rfe8 {[%clk 0:23:47]} 24. Bg5
{[%clk 0:30:25]} Nd5 {[%clk 0:23:05]} 25. Rd1 {[%clk 0:28:18]} h6
{[%clk 0:11:56]} 26. Bc1 {[%clk 0:26:42]} Ne3 {[%clk 0:10:27]} 27. Bxe3
{[%clk 0:26:14]} Rxe3 {[%clk 0:10:53]} 28. Bxf5 {[%clk 0:26:12]} Bxa2
{[%clk 0:10:59]} 29. Be4 {[%clk 0:25:01]} Re2 {[%clk 0:08:18]} 30. b4
{[%clk 0:23:07]} Rb2 {[%clk 0:07:04]} 31. R1d4 {[%clk 0:18:36]} Rc8
{[%clk 0:06:41]} 32. h4 {[%clk 0:19:00]} Bb1 {[%clk 0:04:01]} 33. Bxb7
{[%clk 0:18:46]} Rc7 {[%clk 0:03:28]} 34. Bd5+ {[%clk 0:18:31]} Kh7
{[%clk 0:03:46]} 35. h5 {[%clk 4:06:05]} Bf5 {[%clk 0:03:14]} 36. Rd8
{[%clk 0:16:59]} g6 {[%clk 0:02:51]} 37. hxg6+ {[%clk 0:17:27]} Kxg6
{[%clk 0:02:01]} 38. Kh2 {[%clk 0:16:52]} Kg7 {[%clk 0:01:47]} 39. Rf4
{[%clk 0:15:06]} Rc8 {[%clk 0:01:06]} 40. Rd6 {[%clk 0:15:01]} Rf8
{[%clk 0:01:28]} 41. Ra6 {[%clk 0:14:45]} 1-0

[Event "Extraliga 2018/2019"]
[Site "?"]
[Date "2018.11.04"]
[Round "2.2"]
[White "UNB4 Slovak Kilian  2288"]
[Black "BSS2 Zhigalko Andrey GM 2543"]
[Result "0-1"]
[BlackElo "2543"]
[WhiteElo "2288"]
[LiveChessVersion "1.4.8"]

1. e4 {[%clk 1:30:58]} e5 {[%clk 1:30:55]} 2. Nf3 {[%clk 1:31:16]} Nc6
{[%clk 1:31:19]} 3. Bb5 {[%clk 1:31:39]} a6 {[%clk 1:31:42]} 4. Ba4
{[%clk 1:32:02]} Nf6 {[%clk 1:32:02]} 5. O-O {[%clk 1:31:55]} Be7
{[%clk 1:32:23]} 6. Re1 {[%clk 1:32:07]} b5 {[%clk 1:32:45]} 7. Bb3
{[%clk 1:32:29]} d6 {[%clk 1:33:10]} 8. c3 {[%clk 1:32:26]} O-O {[%clk 1:33:33]}
9. h3 {[%clk 1:32:36]} Nb8 {[%clk 1:33:57]} 10. d4 {[%clk 1:29:13]} Nbd7
{[%clk 1:34:21]} 11. Nbd2 {[%clk 1:27:31]} c5 {[%clk 1:34:42]} 12. Nf1
{[%clk 1:23:16]} Re8 {[%clk 1:34:57]} 13. Ng5 {[%clk 1:17:08]} c4
{[%clk 1:34:55]} 14. Bc2 {[%clk 1:17:31]} h6 {[%clk 1:34:51]} 15. Nf3
{[%clk 1:17:06]} Bf8 {[%clk 1:29:15]} 16. Ng3 {[%clk 1:03:01]} Bb7
{[%clk 1:22:24]} 17. d5 {[%clk 1:02:23]} a5 {[%clk 1:17:05]} 18. Nh2
{[%clk 1:00:01]} Nc5 {[%clk 1:11:10]} 19. Nh5 {[%clk 0:50:52]} b4
{[%clk 0:53:48]} 20. Re3 {[%clk 0:44:04]} Nxh5 {[%clk 0:50:12]} 21. Qxh5
{[%clk 0:44:31]} g6 {[%clk 0:46:08]} 22. Rg3 {[%clk 0:41:35]} Bg7
{[%clk 0:44:35]} 23. Qf3 {[%clk 0:40:45]} Ba6 {[%clk 0:36:35]} 24. Ng4
{[%clk 0:37:57]} Qh4 {[%clk 0:34:56]} 25. Ne3 {[%clk 0:28:08]} Rab8
{[%clk 0:31:39]} 26. Rg4 {[%clk 0:24:29]} Qf6 {[%clk 0:26:18]} 27. Qxf6
{[%clk 0:21:06]} Bxf6 {[%clk 0:26:47]} 28. Rg3 {[%clk 0:16:37]} Bg5
{[%clk 0:25:23]} 29. Ng4 {[%clk 0:16:27]} Bxc1 {[%clk 0:17:29]} 30. Nf6+
{[%clk 0:15:41]} Kf8 {[%clk 0:16:48]} 31. Rxc1 {[%clk 0:14:46]} Rec8
{[%clk 0:15:54]} 32. b3 {[%clk 0:05:57]} Ke7 {[%clk 0:14:04]} 33. Ng4
{[%clk 0:05:26]} h5 {[%clk 0:13:40]} 34. Nh2 {[%clk 0:02:58]} cxb3
{[%clk 0:13:00]} 35. axb3 {[%clk 0:03:06]} a4 {[%clk 0:11:30]} 36. bxa4
{[%clk 0:01:28]} b3 {[%clk 0:11:58]} 37. Bb1 {[%clk 0:01:46]} b2 {[%clk 0:11:19]}
38. Re1 {[%clk 0:01:02]} Nxa4 {[%clk 0:11:23]} 39. Ree3 {[%clk 0:01:06]} Rb3
{[%clk 0:11:20]} 0-1

[Event "Extraliga 2018/2019"]
[Site "?"]
[Date "2018.11.04"]
[Round "2.4"]
[White "UNB8 Rehorek Martin  2283"]
[Black "BSS6 Zwardon Vojtech IM 2455"]
[Result "0-1"]
[BlackElo "2455"]
[WhiteElo "2283"]
[LiveChessVersion "1.4.8"]

1. e4 {[%clk 1:30:57]} c5 {[%clk 1:30:59]} 2. Nf3 {[%clk 1:31:19]} Nc6
{[%clk 1:31:28]} 3. d4 {[%clk 1:31:32]} cxd4 {[%clk 1:31:56]} 4. Nxd4
{[%clk 1:31:55]} g6 {[%clk 1:32:03]} 5. c4 {[%clk 1:32:03]} Bg7 {[%clk 1:32:23]}
6. Nc2 {[%clk 1:30:54]} Nf6 {[%clk 1:31:58]} 7. Nc3 {[%clk 1:31:03]} a6
{[%clk 1:32:02]} 8. a4 {[%clk 1:25:15]} d6 {[%clk 1:30:30]} 9. Be2
{[%clk 1:23:52]} Be6 {[%clk 1:30:06]} 10. Rb1 {[%clk 1:13:47]} O-O
{[%clk 1:29:44]} 11. O-O {[%clk 1:13:13]} Rc8 {[%clk 1:28:34]} 12. b3
{[%clk 1:03:25]} Nd7 {[%clk 1:28:39]} 13. Nd5 {[%clk 0:58:44]} Nc5
{[%clk 1:28:52]} 14. f3 {[%clk 0:52:19]} f5 {[%clk 1:28:55]} 15. Nf4
{[%clk 0:52:08]} Bd7 {[%clk 1:28:24]} 16. Be3 {[%clk 0:47:53]} Kh8
{[%clk 1:16:09]} 17. Nd3 {[%clk 0:40:54]} Ne6 {[%clk 1:10:50]} 18. exf5
{[%clk 0:40:28]} Rxf5 {[%clk 1:11:07]} 19. f4 {[%clk 0:36:07]} Ned4
{[%clk 1:09:02]} 20. Nxd4 {[%clk 0:36:19]} Nxd4 {[%clk 1:09:29]} 21. Bg4
{[%clk 0:35:46]} Rf7 {[%clk 1:08:37]} 22. Bxd4 {[%clk 0:35:47]} Bxd4+
{[%clk 1:09:01]} 23. Kh1 {[%clk 0:36:14]} a5 {[%clk 1:08:18]} 24. Nb4
{[%clk 0:32:15]} Bg7 {[%clk 1:08:15]} 25. Nd5 {[%clk 0:32:24]} e6
{[%clk 1:08:18]} 26. Ne3 {[%clk 0:32:07]} Qb6 {[%clk 1:08:38]} 27. Qd3
{[%clk 0:27:17]} Rcf8 {[%clk 1:08:10]} 28. g3 {[%clk 0:26:59]} Bc6+
{[%clk 0:59:35]} 29. Bf3 {[%clk 0:26:20]} g5 {[%clk 0:59:48]} 30. Ng2
{[%clk 0:24:01]} gxf4 {[%clk 0:58:51]} 31. gxf4 {[%clk 0:22:46]} e5
{[%clk 0:51:01]} 32. Bxc6 {[%clk 0:18:42]} Qxc6 {[%clk 0:51:10]} 33. fxe5
{[%clk 0:18:22]} Qe4 {[%clk 0:45:45]} 0-1

[Event "Extraliga 2018/2019"]
[Site "?"]
[Date "2018.11.04"]
[Round "2.5"]
[White "BSS7 Rausis Igors GM 2651"]
[Black "UNB9 Petrova Kristyna WIM 2248"]
[Result "1-0"]
[BlackElo "2248"]
[WhiteElo "2651"]
[LiveChessVersion "1.4.8"]

1. d4 {[%clk 1:30:50]} Nf6 {[%clk 1:30:55]} 2. Bf4 {[%clk 1:29:00]} g6
{[%clk 1:29:41]} 3. Nc3 {[%clk 1:29:05]} d5 {[%clk 1:30:06]} 4. e3
{[%clk 1:29:17]} Bg7 {[%clk 1:27:16]} 5. h4 {[%clk 1:29:08]} c5 {[%clk 1:22:45]}
6. Nb5 {[%clk 1:26:38]} Na6 {[%clk 1:23:13]} 7. c3 {[%clk 1:25:04]} h5
{[%clk 1:13:26]} 8. Nf3 {[%clk 1:22:43]} O-O {[%clk 0:57:12]} 9. Be2
{[%clk 1:21:49]} Ng4 {[%clk 0:52:03]} 10. O-O {[%clk 1:11:01]} Bf5
{[%clk 0:45:23]} 11. Rc1 {[%clk 1:09:09]} c4 {[%clk 0:34:21]} 12. b3
{[%clk 1:08:53]} cxb3 {[%clk 0:34:37]} 13. Qxb3 {[%clk 1:08:44]} Qd7
{[%clk 0:17:28]} 14. c4 {[%clk 1:06:45]} Be6 {[%clk 0:17:33]} 15. c5
{[%clk 1:05:59]} Rfc8 {[%clk 0:11:38]} 16. Ng5 {[%clk 0:59:49]} Bf5
{[%clk 0:11:52]} 17. f3 {[%clk 0:59:30]} Nh6 {[%clk 0:12:07]} 18. e4
{[%clk 0:58:25]} f6 {[%clk 0:11:52]} 19. exf5 {[%clk 0:50:24]} fxg5
{[%clk 0:12:19]} 20. hxg5 {[%clk 0:39:31]} Nxf5 {[%clk 0:12:44]} 21. Rfd1
{[%clk 0:38:53]} h4 {[%clk 0:10:09]} 22. Kh2 {[%clk 0:38:05]} Nb8
{[%clk 0:08:14]} 23. Nc3 {[%clk 0:29:04]} e6 {[%clk 0:06:48]} 24. Bd3
{[%clk 0:27:16]} Nxd4 {[%clk 0:06:09]} 25. Qb1 {[%clk 0:27:23]} Qf7
{[%clk 0:05:53]} 26. Bd6 {[%clk 0:24:31]} Nf5 {[%clk 0:06:04]} 27. Bxf5
{[%clk 0:23:41]} gxf5 {[%clk 0:06:02]} 28. Qb4 {[%clk 0:22:00]} d4
{[%clk 0:06:07]} 29. Ne2 {[%clk 0:19:26]} Nc6 {[%clk 0:06:31]} 30. Qe1
{[%clk 0:19:31]} e5 {[%clk 0:04:20]} 31. Qxh4 {[%clk 0:18:36]} Ne7
{[%clk 0:01:39]} 32. f4 {[%clk 0:16:34]} Ng6 {[%clk 0:02:05]} 33. Qh5
{[%clk 0:16:52]} Re8 {[%clk 0:00:54]} 34. fxe5 {[%clk 0:15:46]} Nxe5
{[%clk 0:00:55]} 35. Qxf7+ {[%clk 0:14:34]} Kxf7 {[%clk 0:01:23]} 36. Nxd4
{[%clk 0:12:08]} Kg6 {[%clk 0:01:39]} 37. Kg3 {[%clk 0:09:38]} Kxg5
{[%clk 4:04:55]} 38. Rf1 {[%clk 0:07:53]} Nd3 {[%clk 0:00:58]} 39. Nf3+
{[%clk 0:06:05]} Kg6 {[%clk 0:01:11]} 40. Rb1 {[%clk 0:00:39]} f4+
{[%clk 0:00:48]} 41. Kg4 {[%clk 0:28:48]} b6 {[%clk 0:24:37]} 42. cxb6
{[%clk 0:27:59]} axb6 {[%clk 0:25:05]} 43. Rb3 {[%clk 0:28:16]} Nb2
{[%clk 0:17:41]} 44. Rc1 {[%clk 0:25:24]} Re6 {[%clk 0:12:34]} 45. Bxf4
{[%clk 0:23:21]} Ra4 {[%clk 0:08:07]} 46. Nh4+ {[%clk 0:23:06]} Kh7
{[%clk 0:08:22]} 47. Rc7 {[%clk 0:16:55]} Nc4 {[%clk 0:08:37]} 48. g3
{[%clk 0:15:37]} Ne5+ {[%clk 0:05:23]} 49. Kh3 {[%clk 0:15:47]} Ng6
{[%clk 0:04:51]} 50. Nf5 {[%clk 0:11:29]} Nxf4+ {[%clk 0:05:17]} 51. gxf4
{[%clk 0:11:52]} Rg6 {[%clk 0:05:46]} 52. Rg3 {[%clk 0:11:38]} Rxf4
{[%clk 0:06:06]} 53. Nxg7 {[%clk 0:07:02]} Rxg3+ {[%clk 0:05:53]} 54. Kxg3
{[%clk 0:05:29]} Ra4 {[%clk 0:06:21]} 55. Ne8+ {[%clk 0:05:16]} Kg6
{[%clk 0:06:35]} 56. Rc2 {[%clk 0:05:32]} Kf5 {[%clk 0:06:26]} 57. Nd6+
{[%clk 0:05:07]} Ke6 {[%clk 0:06:52]} 58. Nc4 {[%clk 0:05:28]} b5
{[%clk 0:07:21]} 59. Re2+ {[%clk 0:05:27]} Kf6 {[%clk 0:07:37]} 60. Nd2
{[%clk 0:04:04]} 1-0